Kluby piłkarskie Lombardii - nagła śmierć - Statystyki

Ogólne statystyki
  • Ten quiz został rozwiązany 34 razy
    21 od ostatniego zresetowania
  • Średni wynik to 4 z 17
Answers on the Grid
Answers color-coded by a green-red scale on the quiz's grid according to % correct below.
FeralpiSalò
US Pergolettese 1932
AC Reggiana 1919
Inter Mediolan
AC Carpi
Calcio Lecco 1912
UC AlbinoLeffe
Alcione Milano
Città di Varese Calcio
AC Milan
Pisa SC
Atalanta BC
US Sambenedettese
AC Renate
FC Lumezzane
FC Sangiuliano City
Como 1907
AC Crema 1908
US Cremonese
FC Legnago Salus
Hellas Verona
Brescia Calcio
AS Cittadella
AS Giana Erminio
Ternana Calcio
AC Monza
Parma Calcio 1913
Aurora Pro Patria 1919
Mantova 1911
Modena FC
 
Statystyki odpowiedzi
Odpowiedź % Poprawnych
Como 1907
58%
Milan Futuro to drużyna rezerw, dlatego jej nie zaliczam. AC Milan
50%
AC Monza
50%
Inter Mediolan
50%
Brescia Calcio
33%
Nie uwzględniam rezerw Atalanta u23. Atalanta BC
25%
Alcione Milano
17%
FeralpiSalò
17%
US Cremonese
17%
AC Renate
8%
AS Giana Erminio
8%
Aurora Pro Patria 1919
8%
FC Lumezzane
8%
Mantova 1911
8%
Calcio Lecco 1912
0%
UC AlbinoLeffe
0%
US Pergolettese 1932
0%
Nie znaleziono quizów pasujących do podanych kryteriów
Rozkład punktacji
Procent ludzi z każdym wynikiem
Percentyl według liczby udzielonych odpowiedzi
Twoja historia wyników
Nie rozwiązałeś tego quizu od ostatniego zresetowania